[Event "BdF-Smaragd 07 email"]
[Site "GER email"]
[Date "2016.06.26"]
[Round "?"]
[White "Ionita, Mariana"]
[Black "Levandovska, Vira"]
[Result "1/2-1/2"]
[WhiteElo "2272"]
[BlackElo "2199"]
[PlyCount "46"]
[EventDate "2016.??.??"]
[EventType "tourn (corr)"]
[EventRounds "16"]
[EventCountry "GER"]
[SourceTitle "Corr 2017"]
[Source "ChessBase"]
[SourceDate "2017.09.19"]
[SourceVersion "1"]
[SourceVersionDate "2017.09.19"]
[SourceQuality "1"]

1. e4 c5 2. Nf3 d6 3. d4 cxd4 4. Nxd4 Nf6 5. Nc3 a6 6. Be3 e5 7. Nb3 Be6 8. Be2 Be7 9. 0-0 Nbd7 10. a4 0-0 11. a5 Rc8 12. Qd2 Ng4 13. Ba7 Ra8 14. Bxg4 Bxg4 15. Be3 Rc8 16. f3 Be6 17. Nc1 f5 18. exf5 Rxf5 19. Nd5 Qe8 20. Nxe7+ Qxe7 21. Nd3 d5 22. c3 Rcf8 23. b4 Qf6 1/2-1/2

[Event "BdF-Smaragd 07 email"]
[Site "GER email"]
[Date "2016.06.26"]
[Round "?"]
[White "Ismayilova, Aida"]
[Black "Levandovska, Vira"]
[Result "1/2-1/2"]
[WhiteElo "2207"]
[BlackElo "2199"]
[PlyCount "38"]
[EventDate "2016.??.??"]
[EventType "tourn (corr)"]
[EventRounds "16"]
[EventCountry "GER"]
[SourceTitle "Corr 2017"]
[Source "ChessBase"]
[SourceDate "2017.09.19"]
[SourceVersion "1"]
[SourceVersionDate "2017.09.19"]
[SourceQuality "1"]

1. d4 Nf6 2. c4 g6 3. Nc3 d5 4. cxd5 Nxd5 5. e4 Nxc3 6. bxc3 Bg7 7. Nf3 c5 8. Be3 Qa5 9. Qd2 Nc6 10. Rb1 a6 11. Rc1 cxd4 12. cxd4 Qxd2+ 13. Kxd2 e6 14. Bd3 0-0 15. Rc4 Bd7 16. h4 b5 17. Rc5 f5 18. g3 Rfd8 19. h5 Rac8 1/2-1/2

[Event "BdF-Smaragd 07 email"]
[Site "GER email"]
[Date "2016.06.26"]
[Round "?"]
[White "Levandovska, Vira"]
[Black "Lukas, Norbert"]
[Result "1/2-1/2"]
[WhiteElo "2199"]
[BlackElo "2206"]
[PlyCount "61"]
[EventDate "2016.??.??"]
[EventType "tourn (corr)"]
[EventRounds "16"]
[EventCountry "GER"]
[SourceTitle "Corr 2017"]
[Source "ChessBase"]
[SourceDate "2017.09.19"]
[SourceVersion "1"]
[SourceVersionDate "2017.09.19"]
[SourceQuality "1"]

1. e4 e6 2. d4 d5 3. Nc3 Bb4 4. e5 c5 5. a3 Bxc3+ 6. bxc3 Ne7 7. Qg4 0-0 8. Bd3 Nbc6 9. Qh5 Ng6 10. Nf3 Qc7 11. Be3 c4 12. Bxg6 fxg6 13. Qg4 Bd7 14. h4 Rf5 15. h5 Rxh5 16. Rxh5 gxh5 17. Qxh5 Qc8 18. Ng5 h6 19. Qf7+ Kh8 20. Ke2 Qe8 21. Rh1 Qxf7 22. Nxf7+ Kg8 23. Nd6 b6 24. g4 Nd8 25. g5 hxg5 26. Rg1 Nf7 27. Bxg5 Nxd6 28. exd6 Kf7 29. Rh1 Ba4 30. Kd2 Rf8 31. Be7 1/2-1/2

[Event "BdF-Diamant 05 email"]
[Site "GER email"]
[Date "2014.06.25"]
[Round "?"]
[White "Kubikova, Hana"]
[Black "Levandovska, Vira"]
[Result "1/2-1/2"]
[WhiteElo "2128"]
[BlackElo "2160"]
[PlyCount "66"]
[EventDate "2014.??.??"]
[EventType "tourn (corr)"]
[EventRounds "16"]
[EventCountry "GER"]
[SourceTitle "Corr 2017"]
[Source "ChessBase"]
[SourceDate "2017.09.19"]
[SourceVersion "1"]
[SourceVersionDate "2017.09.19"]
[SourceQuality "1"]

1. d4 Nf6 2. Nf3 g6 3. c4 Bg7 4. g3 0-0 5. Bg2 d6 6. 0-0 Nc6 7. Nc3 a6 8. h3 Rb8 9. e4 b5 10. d5 Na5 11. cxb5 axb5 12. b4 Nc4 13. Nd4 Bd7 14. a4 bxa4 15. b5 Nb6 16. Qd3 e6 17. dxe6 Bxe6 18. Nc6 Qe8 19. Nxb8 Qxb8 20. Nxa4 Bc4 21. Qb1 Bxf1 22. Kxf1 Nc4 23. Qb4 Ne5 24. Bd2 Qe8 25. Ra2 Qe6 26. Rc2 Rc8 27. Kg1 Nfd7 28. Be3 h5 29. f4 c5 30. bxc6 Rxc6 31. Re2 Nd3 32. Qb7 Rc4 33. Qb5 Rb4 1/2-1/2

[Event "BdF-Diamant 05 email"]
[Site "GER email"]
[Date "2014.06.25"]
[Round "?"]
[White "Lindemann, Antje"]
[Black "Levandovska, Vira"]
[Result "1/2-1/2"]
[WhiteElo "2078"]
[BlackElo "2160"]
[PlyCount "72"]
[EventDate "2014.??.??"]
[EventType "tourn (corr)"]
[EventRounds "16"]
[EventCountry "GER"]
[SourceTitle "Corr 2017"]
[Source "ChessBase"]
[SourceDate "2017.09.19"]
[SourceVersion "1"]
[SourceVersionDate "2017.09.19"]
[SourceQuality "1"]

1. d4 Nf6 2. c4 g6 3. Nc3 Bg7 4. e4 d6 5. f3 0-0 6. Be3 Nc6 7. Nge2 a6 8. Qd2 Rb8 9. Nc1 e5 10. d5 Nd4 11. Nb3 c5 12. dxc6 bxc6 13. Nxd4 exd4 14. Bxd4 d5 15. cxd5 cxd5 16. e5 Nd7 17. f4 f6 18. e6 Re8 19. 0-0-0 Nf8 20. f5 gxf5 21. Ba7 Ra8 22. Bf2 Bxe6 23. Kb1 Ng6 24. Nxd5 Ne5 25. Be2 Rb8 26. Bc5 Qd7 27. Nf4 Qxd2 28. Rxd2 Bh6 29. g3 Bc4 30. Bh5 Bf7 31. Rhd1 Rb5 32. Bxf7+ Kxf7 33. Rd5 Rc8 34. Be3 Bxf4 35. Bxf4 Rxd5 36. Rxd5 Ke6 1/2-1/2

[Event "BdF-Diamant 05 email"]
[Site "GER email"]
[Date "2014.06.25"]
[Round "?"]
[White "Nazarova, Anna Aleksandrovna"]
[Black "Levandovska, Vira"]
[Result "1/2-1/2"]
[WhiteElo "2078"]
[BlackElo "2160"]
[PlyCount "72"]
[EventDate "2014.??.??"]
[EventType "tourn (corr)"]
[EventRounds "16"]
[EventCountry "GER"]
[SourceTitle "Corr 2017"]
[Source "ChessBase"]
[SourceDate "2017.09.19"]
[SourceVersion "1"]
[SourceVersionDate "2017.09.19"]
[SourceQuality "1"]

1. e4 c5 2. c3 e6 3. d4 d5 4. exd5 Qxd5 5. Nf3 Nf6 6. Be2 Be7 7. 0-0 0-0 8. Ne5 Rd8 9. Bf3 Qd6 10. Bf4 Qb6 11. Na3 cxd4 12. Nac4 Qa6 13. cxd4 Nd5 14. Bxd5 exd5 15. Ne3 Nc6 16. Re1 Be6 17. Nxc6 bxc6 18. Nc2 Qb5 19. Re3 Rac8 20. b4 Bf8 21. Rb3 Re8 22. Qd2 f6 23. a4 Qb6 24. Qc3 Bf7 25. f3 Re6 26. Bg3 Rce8 27. Bf2 a6 28. Ne3 Qb7 29. Re1 h5 30. Nc2 Bg6 31. Rb2 Re2 32. Kf1 Rxe1+ 33. Nxe1 Bd6 34. Bg3 Bxg3 35. hxg3 Qe7 36. Kf2 Kf7 1/2-1/2